| 000 | 00893nam a2200241Ia 4500 | ||
|---|---|---|---|
| 003 | GCL | ||
| 008 | 140319s9999 xx 000 0 ara d | ||
| 020 | _a0747215977 | ||
| 040 |
_aGCL / _cGCL |
||
| 082 | 0 | 4 |
_a362.29 _bج و |
| 100 | 1 | _aجمعة سيد يوسف | |
| 245 | 1 | 0 |
_aالوقاية من تعاطى المخدرات : _bبين الواقع والمأمول / _cجمعة سيد يوسف |
| 260 |
_aالقاهرة : _bدار غريب للطباعة والنشر والتوزيع ، _c2005 |
||
| 300 |
_a195ص ؛ _c24سم |
||
| 650 | 0 | 4 | _aادمان المخدرات |
| 650 | 0 | 4 | _aالمخدرات والشباب |
| 650 | 0 | 4 | _aمكافحة المخدرات |
| 650 | 0 | 4 | _aالفساد الاجتماعى |
| 650 | 0 | 4 | _aالادمان |
| 650 | 0 | 4 | _aالمخدرات - الجوانب النفسية |
| 650 | 0 | 4 | _aالادمان - قوانين وتشريعات |
| 942 |
_2ddc _cBK |
||
| 999 |
_c58408 _d58408 |
||